| 000 | 00745nam a22002297a 4500 | ||
|---|---|---|---|
| 003 | UA-OsUOA | ||
| 001 | 36572 | ||
| 007 | ta | ||
| 008 | 20061005b un ||||| |||| 00| 0 ukr d | ||
| 090 |
_a050 _bУ45 |
||
| 942 | _cMG | ||
| 040 |
_aUA-OsUOA _brus _cUA-OsUOA _dUA-OsUOA |
||
| 245 | _aУкраинское обозрение. Независимое издание украинцев в России. | ||
| 300 | _a48 с. | ||
| 955 | _a4 | ||
| 041 | _arus | ||
| 080 | _a050 | ||
| 260 |
_aМосква _c2006 |
||
| 310 | _a2006: №5-6 | ||
| 650 | 7 |
_a050 Серійні публікації. Періодика галузі, Організація та інші типи поєднання (співробітництва) _2UDC |
|
| 999 |
_c435100 _d435100 |
||